Parts of the body in Spanish - Statistics

General Stats
  • This quiz has been taken 143 times
  • The average score is 24 of 40
Answer Stats
Hint Answer % Correct
Eye ojo
85%
Mouth boca
84%
Head cabeza
84%
Hand mano
84%
Ear oreja
84%
Foot pie
82%
Brain cerebro
80%
Stomach estómago
80%
Nose nariz
79%
Face cara
77%
Heart corazón
77%
Intestines intestinos
77%
Pancreas páncreas
75%
Leg pierna
75%
Finger dedo
74%
Arm brazo
70%
Neck cuello
70%
Back espalda
70%
Shoulder hombro
69%
Knee rodilla
67%
Lungs pulmones
66%
Forehead frente
61%
Hair cabello
59%
Toes dedos del pie
57%
Wrist muñeca
56%
Fingernail uña
54%
Waist cintura
49%
Kidneys riñones
49%
Hip cadera
48%
Ankle tobillo
48%
Heel tacón
44%
Liver hígado
41%
Thigh muslo
39%
Breast pecho
39%
Gallbladder vesícula biliar
39%
Chin barbilla
38%
Calf pantorrilla
36%
Nipple pezón
33%
Shin espinilla
25%
Spleen bazo
18%
No matching quizzes found
Score Distribution
Percent of People with Each Score
Percentile by Number Answered
Your Score History
You have not taken this quiz